zpět

Detail výsledku týmu

U Kapitána, Valtice

Datum a čas kvízu

19.5 Celkem bodů Celkový počet nahraných bodů na tomto kvízu bez doplňovacích otázek.
5. Pořadí na kvízu Konečné umístění týmu na tomto kvízu.

Zaznamenané odpovědi

# Otázka Odpověď Body Výsledky
1. Při úřadu vlády vznikne komise... Ďáblický hřbitov 0
2. V Kuvajtu byla v pondělí novin... Byla vytvořena pomocí umělé inteligence. 1
3. Agáta Prachařová povila minulý... Rozárie 1
4. Ve které zemi byl minulý týden... ve Finsku 1
5. Poslední aktualita bude z naše... Martin Hašek 0
6. Pokračujeme představováním fil... Liam Neeson 1
7. Sedmý film žebříčku byl natoče... Mario Puzo, Corleone 0.5
8. Jak se jmenuje původem český h... Jiří Voskovec 0
9. Film Nedotknutelní byl natočen... Francie 0
10. Napište název sbírky povídek s... Hovno hoří 0